| 000 | 00388nam a2200157Ia 4500 | ||
|---|---|---|---|
| 008 | 230312s9999||||xx |||||||||||||| ||und|| | ||
| 020 | _a1-56205-659-x | ||
| 082 |
_a005.43 _bSIY-W |
||
| 100 | _aKaranjit s.Siyan | ||
| 245 | 0 | _aWindows NT Server 4 | |
| 260 |
_bNew Riders _aIndianapolis |
||
| 300 | _a1343 | ||
| 546 | _aEng. | ||
| 650 |
_aComputer _vInstalling Window Server |
||
| 942 | _cBK | ||
| 999 |
_c2939 _d2939 |
||